Informace a vnitřní struktura vesmíru

Salvato in:
Dettagli Bibliografici
Autore principale: Stonier, Tom (Autore)
Natura: Libro
Lingua:ceco
Pubblicazione: Praha : BEN - technická literatura, 2002
Soggetti:
Tags: Aggiungi Tag
Nessun Tag, puoi essere il primo ad aggiungerne!!

MARC

LEADER 00000nam a22000003a 4500
001 stu77091
005 20220512090016.3
008 020905s2002----xr------------------cze-d
020 |a 80-7300-050-4 
040 |a STU  |b slo 
041 0 |a cze 
044 |a xr 
080 |a 53 
080 |a 007 
100 1 |a Stonier, Tom  |4 aut 
245 1 |a Informace a vnitřní struktura vesmíru 
260 |a Praha :  |b BEN - technická literatura,  |c 2002 
300 |a 159 s 
650 7 |a vesmír  |2 stusub 
650 7 |a kybernetika  |2 stusub 
996 |b 284EK84535  |c E*84535  |l EE01  |s A  |a 24  |w stu77091_0001